Normal view
MARC view
- Campbell, Federico,
Entry Nombre Personal
001 - NUMERO DE CONTROL
- campo de control: 28632
003 - IDENTIFICADOR DE NUMERO DE CONTROL
- campo de control: UPN
005 - FECHA Y HORA DE LA ÜLTIMA TRANSACCIÓN
- campo de control: 20210219194355.0
008 - DATOS DE LONGITUD FIJA
- campo de control de longitud fija: nabaccnnaabn|||||||||| b |nc|||||d
035 ## - NUMERO DE CONTROL
- Número de control: UPN11000000738
040 ## - FUENTE DE CATALOGACIÓN
- Lenguaje de catalogación: SPA
- Agencia de transcripción: UPN
053 #4 - NÚMERO DE CLASIFICACIÓN LC
- Número de clasificación elemento-número único o número inicial de tramo: PQ7298.13 A3.5
100 1# - ENCABEZAMIENTO - NOMBRE PERSONAL
- Nombre personal: Campbell, Federico,
- Fechas asociadas con el nombre: 1941-2014
670 ## - FUENTE EN LA QUE SE LOCALIZARON DATOS
- Cita de la fuente: T
- Información localizada: https://www.imer.mx/rmi/federico-campbell-1941-2014/
680 ## - NOTA PUBLICA DE ACCESO PÚBLICO
- Frase explicativa de la referencia: Escritor, periodista, editor, ensayista y narrador mexicano
902 ## - CATALOGADOR
- Catalogador: EMR/170119
